000 01251ntaaa2200349 4500
003 01
005 20251027203355.0
008 0714s1973 ag 01
020 _a0687230675
040 _aAR-BaBN
_bspa
_cAR-BaBN
_eaacr
_dRIC
100 _aGonzález, Justo L.
_974
245 _aMañana :
_bchristian theology from a hispanic perspective /
_cJusto L. González, con introducción de Virgilio P. Elizondo
260 _aNashville :
_bAbingdon Press,
_cc1990
300 _a184 p. ;
_c23 cm.
500 _aDonación de Pablo A. Deiros, 2022
500 _aIncluye referencias bibliográficas
505 _t1. La importancia de una perspectiva minoritaria
505 _t2. ¿Quiénes somos nosotros?
505 _t3. El contexto más amplio
505 _t4. Hispanos en la Nueva Reforma
505 _t5. Leyendo la Biblia en español
505 _t6. Que los dioses muertos entierren a sus muertos
505 _t7. El que vive como tres
505 _t8. Creador de cielo y tierra
505 _t9. Sobre ser humano
505 _t10. Y la palabra se hizo carne
505 _t11. Vida en el Espíritu
650 _aTEOLOGIA
651 _aAMERICA LATINA
_934304
700 _aElizondo, Virgilio P.
_eintroducción
_937846
942 _cBK
999 _c29303
_d29303